000 00506nam a2200217 454500
001 084738
003 BD-ChCU
008 Eng
020 _a9780192854124
040 _aDLC
_cDLC
_dBD-ChCU
082 0 0 _a183.2/T236s
100 1 _aTaylor, C.C.W.
_bx
245 1 0 _aSocrates
_ba verty short introduction
250 _ax
260 _aNew York
_bOxford Univ. Press
_c1998
300 _a122p
504 _a
650 0 _aSocratic philosophy
_bPhilosophy
700 1 _ax
942 _2ddc
_cBK
999 _c84738
_d84738